00410nam a2200145Ia 4500008004100000041000900041082001500050100001900065245001700084260003800101300000800139650000800147999001700155952009200172230718s9999 xx 000 0 und d aEng. a341bGRO-H aGrosz, Stephen 0aHuman Rights aPakistanbSweet and Maxwellc2000 a440 aLaw c29460d29460 00104070aSIRC-LbSIRC-Ld2023-07-18l0o341 GRO-Hp24411r2023-07-18w2023-07-18yBK